ARRUPE JESUIT UNIVERSITY

CORONAVIRUS -STOP THE SPREAD - CLEAN,DISINFECT,COVER

Derrida : (Record no. 123046)

MARC details
000 -LEADER
fixed length control field 01146pam a2200373 a 4500
001 - CONTROL NUMBER
control field 6257102
003 - CONTROL NUMBER IDENTIFIER
control field ARRUPE
005 - DATE AND TIME OF LATEST TRANSACTION
control field 20150807124724.0
008 - FIXED-LENGTH DATA ELEMENTS--GENERAL INFORMATION
fixed length control field 070109s2007 enk b 001 0 eng
015 ## - NATIONAL BIBLIOGRAPHY NUMBER
National bibliography number GBA704723
Source bnb
016 7# - NATIONAL BIBLIOGRAPHIC AGENCY CONTROL NUMBER
Record control number 013645703
Source Uk
020 ## - INTERNATIONAL STANDARD BOOK NUMBER
International Standard Book Number 9780826486004 (hbk.)
020 ## - INTERNATIONAL STANDARD BOOK NUMBER
International Standard Book Number 0826486002 (hbk.)
020 ## - INTERNATIONAL STANDARD BOOK NUMBER
International Standard Book Number 0826486010 (pbk.)
020 ## - INTERNATIONAL STANDARD BOOK NUMBER
International Standard Book Number 9780826486011 (pbk.)
035 ## - SYSTEM CONTROL NUMBER
System control number (OCoLC)OCM78989355
035 ## - SYSTEM CONTROL NUMBER
System control number (OCoLC)78989355
035 ## - SYSTEM CONTROL NUMBER
System control number (NNC)6257102
040 ## - CATALOGING SOURCE
Original cataloging agency UKM
Transcribing agency UKM
Modifying agency BAKER
-- BTCTA
-- YDXCP
-- C#P
050 #4 - LIBRARY OF CONGRESS CALL NUMBER
Classification number B2430.D484
Item number W65 2007
082 04 - DEWEY DECIMAL CLASSIFICATION NUMBER
Classification number 194
Edition number 22
300 ## - PHYSICAL DESCRIPTION
Dimensions 22 cm.
100 1# - MAIN ENTRY--PERSONAL NAME
Personal name Wolfreys, Julian,
Dates associated with a name 1958-
9 (RLIN) 18555
245 10 - TITLE STATEMENT
Title Derrida :
Remainder of title a guide for the perplexed /
Statement of responsibility, etc Julian Wolfreys.
260 ## - PUBLICATION, DISTRIBUTION, ETC. (IMPRINT)
Place of publication, distribution, etc London ;
-- New York :
Name of publisher, distributor, etc Continuum,
Date of publication, distribution, etc c2007.
300 ## - PHYSICAL DESCRIPTION
Extent xvii, 172 p. ;
490 1# - SERIES STATEMENT
Series statement Guides for the perplexed
504 ## - BIBLIOGRAPHY, ETC. NOTE
Bibliography, etc Includes bibliographical references (p. 166-168) and index.
600 10 - SUBJECT ADDED ENTRY--PERSONAL NAME
Personal name Derrida, Jacques.
9 (RLIN) 18556
830 #0 - SERIES ADDED ENTRY--UNIFORM TITLE
Uniform title Guides for the perplexed.
9 (RLIN) 11161
942 ## - ADDED ENTRY ELEMENTS (KOHA)
Source of classification or shelving scheme Library of Congress Classification
Koha item type Monograph ( Printed materials)
948 1# - LOCAL PROCESSING INFORMATION (OCLC); SERIES PART DESIGNATOR (RLIN)
Series part designator, SPT (RLIN) 20070821
b (OCLC) c
c (OCLC) as2107
d (OCLC) MPS
948 2# - LOCAL PROCESSING INFORMATION (OCLC); SERIES PART DESIGNATOR (RLIN)
Series part designator, SPT (RLIN) 20070913
b (OCLC) a
c (OCLC) sds12
d (OCLC) MPS
Holdings
Withdrawn status Lost status Source of classification or shelving scheme Damaged status Not for loan Collection code Home library Current library Shelving location Date acquired Total Checkouts Full call number Barcode Date last seen Price effective from Koha item type
    Library of Congress Classification     Main Collection ARRUPE LIBRARY ARRUPE LIBRARY Main Collection 07/08/2015   B2430.D484 W65 2007 46500004395 07/08/2015 07/08/2015 Monograph ( Printed materials)

 

Arrupe Library. PO Box MP320 Mt Pleasant, Harare, Zimbabwe
263 242 745411|librarian@aju.ac.zw